000 00282nam a22001337a 4500
008 181024b xxu||||| |||| 00| 0 eng d
020 _a9780324006384
041 _aeng
080 _a339.138
100 _a60
101 _aMAR
245 _aMarketing
_cLamb,Ch.W
942 _2udc
_cBK
999 _c50812
_d50812